000 00727nam a2200205Ii 4500
003 JO-AjNU
008 230605s9999||||xx |||||||||||||| ||und||
040 _aJO-AjNU
_bara
_erda
_cJO-AjNU
041 _aara
050 1 4 _aHD30.215.H356.2006
100 3 _aالحميد،محمد دباس/محمد العزاوي,
_eauthor
_929688
245 0 0 _aالاساليب الكمية في العلوم الادارية
250 _aط العربية
264 3 1 _aعمان:دار اليازوري العلمية للنشر والتوزيع،2006
300 _a192ص
336 _atext
_btxt
_2rdacontent
337 _aunmediated
_bn
_2rdamedia
338 _avolume
_bnc
_2rdacarrier
650 4 _aالعلوم الادارية
_929689
999 _aA11676
_c15244
_d15244